000 00653nam a22002057a 4500
003 OSt
005 20251217020214.0
008 251115b |||||||| |||| 00| 0 eng d
020 _a 971-8510-04-4
040 _aDWCL-Admin lib
_cOC
082 _aFil. 620.1 B554e 2009
100 _aBesavilla, Venancio I., Jr
245 _a Engineering mechanics : statics and dynamics /
_cVenancio I. Besavilla, Jr
260 _a Cebu City :
_bVIB Pub.,
_cc2009.
300 _a529 p. : ill. ;
_c22 cm.
650 _a1. Dynamics.
650 _a2. Engineering mechanics-Problems, exercises,etc.
650 _a3. Statics.
942 _2ddc
_cBK - FIL
_e 2nd ed.
_kFil.
_n0
999 _c5679
_d5679